000 00382nam a22001577a 4500
003 NUST
020 _a978-0-367-23011-1
038 _akhadija
082 _a629.1346
_bYIA
100 _aYiannakides
_991972
245 _aHuman Factors In Aircraft Maintenance /
_cDemetris Yiannakides
260 _aU.S
_bCRC Press
_c2020
300 _axix,119,:p
563 _aHB
942 _2ddc
_cBK
999 _c590084
_d590084